000 00742cab a2200229 4500
001 X3085
008 090401t1995 xxu||||| |||| 00| 0 eng d
035 _a(Sirsi) u28383
041 _aeng
245 _aCAD drawing awards 1996
260 _c1995
350 _a0
490 _aCSM (Chartered Surveyor Monthly)
_v5(3) November/December 1995, 10(1)
520 _aEntries to 1996 CAD drawing awards are invited by the Construction Industry Computing Association.
650 _aCAD DRAWING AWARDS
650 _aCOMPUTER AIDED DESIGN
650 _aCONSTRUCTION INDUSTRY COMPUTING ASSOCIATION
690 _aMANAGEMENT-BUSINESS MANAGEMENT-INFORMATION MANAGEMENT
690 _aPROFESSIONAL PRACTICE
942 _n0
948 _c04/03/1997
999 _c19119
_d19119